Vedúce trio bez zaváhania hokejová West extraliga - 20. kolo: nováčik uchmatol bod v závere

Bibliographic Details
Format: Article
Language:Slovak
Subjects:

MARC

LEADER 00000nab a2200000 a 4500
001 vtls000736834
003 SK-MaSNL
005 20260302193153.0
008 180206c2000 xo 0 slo
015 |a SNBRB2000/11-31449 
035 |a CLN000088701 
040 |a SNKBUCL  |b slo  |c SNKBUCL  |e AACR2 
041 0 |a slo 
044 |a xo  |c SK 
080 |a 796.966.093.1  |2 UDC-MRF-SK2 
245 0 0 |a Vedúce trio bez zaváhania  |b hokejová West extraliga - 20. kolo: nováčik uchmatol bod v závere 
650 0 7 |a hokej ľadový  |x West extraliga  |y sezóna 2000/2001  |x kolo 20.  |2 snkbucl  |9 911438 
655 7 |a články z novín a časopisov  |2 snkbucl  |9 267496 
773 0 |t Šport  |g Roč. 54, č. 252 (2.11.2000), s. 6-9 
850 |a Slovenská národná knižnica v Martine 
852 |a SNK  |b KIS3GCP 
958 |a RBX 
999 |c 1443549  |d 1445479